000 00414nam a2200181Ia 4500
001 829
005 20260306140546.0
008 260306t2010||||xx |||||||||||||| ||spa||
041 _aESP
082 _a174
_bM95 T. 1
100 _aMünch Galindo, Lourdes
_eAUT
245 0 _aÉtica y valores
260 _c2010
300 _a160 páginas :
_c24 cm.
650 _aGEN
654 _aCHU
942 _cLIB
_dJUS
_fJUS
_2ddc
_n
999 _c829
_d829